| 000 | 00421cam a22001457a 4500 | ||
|---|---|---|---|
| 008 | 180718b1999 xxu||||| |||| 00| 0 eng d | ||
| 082 | _aY1182x54 D535 | ||
| 100 | _aDhawan, B.D. | ||
| 245 |
_aStudies in Indian irrigation _cby B.D. Dhawan |
||
| 260 |
_aNew Delhi _bCommonwealth _c1999 |
||
| 300 | _a234p. | ||
| 650 | _aIrrigation farming --India | ||
| 650 | _aIrrigation efficiency --India | ||
| 650 | _aIrrigation --India | ||
| 999 |
_c393245 _d393245 |
||